[Event "Bad Woerishofen"]
[Site "?"]
[Date "2002.??.??"]
[Round "8"]
[White "Levin, Felix"]
[Black "Loew, Gerald"]
[Result "1-0"]
[WhiteElo "2518"]
[BlackElo "2260"]
[Annotator "ChessOrg"]
[PlyCount "79"]
[EventDate "2002.??.??"]

1. d4 Nf6 2. c4 g6 3. Nc3 d5 4. cxd5 Nxd5 5. e4 Nxc3 6. bxc3 Bg7 7. Be3 c5 8.
Nf3 Qa5 9. Qd2 O-O 10. Rc1 Nd7 11. Bd3 b6 12. d5 Ba6 13. c4 Qxd2+ 14. Kxd2 e6
15. Rhe1 Rae8 16. Kc2 h6 17. Bf4 e5 18. Bd2 Re7 19. Bc3 Bc8 20. a4 f5 21. Kb3
f4 22. a5 g5 23. axb6 axb6 24. Ra1 Bf6 25. Ra7 g4 26. Nd2 Rg7 27. Rea1 h5 28.
Rc7 Nb8 29. Raa7 Rxc7 30. Rxc7 h4 31. g3 Nd7 32. gxf4 exf4 33. Bxf6 Nxf6 34. e5
Nd7 35. e6 Ne5 36. Bh7+ Kh8 37. Be4 f3 38. Rh7+ Kg8 39. Rxh4 Rf4 40. Rh5 1-0

[Event "Bad Woerishofen"]
[Site "?"]
[Date "2002.??.??"]
[Round "8"]
[White "Nevednichy, Vladislav"]
[Black "Eingorn, Viacheslav"]
[Result "0-1"]
[WhiteElo "2569"]
[BlackElo "2598"]
[Annotator "ChessOrg"]
[PlyCount "77"]
[EventDate "2002.??.??"]

1. e4 e6 2. d4 d5 3. Nd2 h6 4. Ngf3 Nf6 5. Bd3 c5 6. c3 cxd4 7. cxd4 dxe4 8.
Nxe4 Bb4+ 9. Bd2 Bxd2+ 10. Qxd2 Nxe4 11. Bxe4 Nd7 12. O-O Nf6 13. Bc2 O-O 14.
Ne5 Qb6 15. Rad1 Rd8 16. f4 Bd7 17. g4 Bb5 18. Rf2 Nd7 19. Qe3 Rac8 20. Bb1 Rc7
21. h4 Nf8 22. g5 h5 23. Rfd2 g6 24. Be4 Bc6 25. Bxc6 bxc6 26. Kf2 Rd5 27. Rc1
Nd7 28. Nc4 Qb8 29. b3 Nb6 30. Ne5 Rd6 31. Rdc2 Nd5 32. Qe4 Ne7 33. Rc4 Qb6 34.
R1c2 Nf5 35. Nf3 Rd5 36. Kg2 Nd6 37. Qd3 Nxc4 38. bxc4 Rd8 39. c5 0-1

[Event "Bad Woerishofen"]
[Site "?"]
[Date "2002.??.??"]
[Round "8"]
[White "Wissinger, Peter"]
[Black "Bintakies, Michael"]
[Result "0-1"]
[WhiteElo "1996"]
[BlackElo "2188"]
[Annotator "ChessOrg"]
[PlyCount "84"]
[EventDate "2002.??.??"]

1. d4 d5 2. Nc3 Bf5 3. g3 e6 4. Bg2 Nf6 5. Bg5 Bb4 6. Qd2 Nbd7 7. a3 Be7 8. Nf3
h6 9. Bxf6 Nxf6 10. O-O O-O 11. Ne5 c5 12. e3 Qc7 13. Rac1 Rfc8 14. Rfe1 a6 15.
Na2 Ne4 16. Qe2 cxd4 17. exd4 b5 18. c3 Bd6 19. f4 f6 20. Nf3 Qc4 21. Nb4 Bxb4
22. axb4 a5 23. Qxc4 bxc4 24. bxa5 Rxa5 25. Nh4 Rb8 26. g4 Bxg4 27. Bxe4 dxe4
28. Rxe4 Rxb2 29. f5 exf5 30. Re7 g5 31. Ng6 Bh5 32. Rc7 Bxg6 33. Rxc4 Raa2 34.
d5 Rg2+ 35. Kf1 Raf2+ 36. Ke1 Ra2 37. Kf1 Rxh2 38. Kg1 Rag2+ 39. Kf1 Rd2 40.
Kg1 f4 41. Rc8+ Kg7 42. Rc7+ Bf7 0-1

[Event "Bad Woerishofen"]
[Site "?"]
[Date "2002.??.??"]
[Round "8"]
[White "Naiditsch, Arkadij"]
[Black "Rueberg, Jobst"]
[Result "1-0"]
[WhiteElo "2532"]
[BlackElo "2295"]
[Annotator "ChessOrg"]
[PlyCount "91"]
[EventDate "2002.??.??"]

1. e4 c5 2. Nf3 Nc6 3. Nc3 e6 4. d4 cxd4 5. Nxd4 a6 6. f4 Nxd4 7. Qxd4 Ne7 8.
Bd3 Nc6 9. Qf2 b5 10. O-O Be7 11. Be3 Rb8 12. a4 b4 13. Ne2 O-O 14. Kh1 d6 15.
Nd4 Qc7 16. Qe2 Nxd4 17. Bxd4 e5 18. Bg1 Qc6 19. Bc4 a5 20. b3 Be6 21. Bxe6
fxe6 22. Qg4 Bf6 23. Qxe6+ Kh8 24. Rae1 Qxc2 25. Qxd6 Rfd8 26. Qe6 Re8 27. Qd5
Rbd8 28. Qxa5 Qxb3 29. fxe5 Bxe5 30. Rb1 Qg8 31. Qxb4 h6 32. a5 Qe6 33. Qa4 Qa6
34. Rfd1 Ra8 35. Rd5 Qe2 36. Qb4 Bf4 37. Re1 Qc2 38. e5 Bg5 39. e6 Rac8 40. e7
Rc4 41. Qb5 Rxe7 42. Rxe7 Bxe7 43. Qe8+ Kh7 44. Qxe7 Rg4 45. g3 Qb3 46. Rf5 1-0

[Event "Bad Woerishofen"]
[Site "?"]
[Date "2002.??.??"]
[Round "8"]
[White "Jenni, Florian"]
[Black "Heinig, Wolfram"]
[Result "1/2-1/2"]
[WhiteElo "2525"]
[BlackElo "2287"]
[Annotator "ChessOrg"]
[PlyCount "103"]
[EventDate "2002.??.??"]

1. e4 c6 2. d4 d5 3. Nc3 dxe4 4. Nxe4 Bf5 5. Ng3 Bg6 6. Nf3 Nd7 7. h4 h6 8. h5
Bh7 9. Bd3 Bxd3 10. Qxd3 e6 11. Bf4 Ngf6 12. O-O-O Be7 13. Kb1 O-O 14. Ne4 Nxe4
15. Qxe4 Nf6 16. Qe2 Qd5 17. Ne5 Qe4 18. Qxe4 Nxe4 19. Rhe1 Nf6 20. g4 Rfd8 21.
f3 Nd7 22. c4 Nxe5 23. dxe5 Rxd1+ 24. Rxd1 Rd8 25. Kc2 Rxd1 26. Kxd1 Kf8 27.
Ke2 Ke8 28. Kd3 Kd7 29. Be3 a6 30. Ke4 Bf8 31. Bd2 g6 32. a3 gxh5 33. gxh5 c5
34. f4 Kc6 35. Ba5 b6 36. Be1 Be7 37. f5 Bg5 38. Bc3 Bc1 39. f6 Bg5 40. Kd3 Bf4
41. Kc2 Be3 42. Kb3 Bg5 43. Ka4 Bf4 44. b4 cxb4 45. axb4 Be3 46. Be1 Bf4 47.
Bc3 Be3 48. Bb2 Bd2 49. Bd4 Bf4 50. b5+ axb5+ 51. cxb5+ Kc7 52. Kb3 1/2-1/2

[Event "Bad Woerishofen"]
[Site "?"]
[Date "2002.??.??"]
[Round "8"]
[White "Costea, Valerius"]
[Black "Engl, Heinz"]
[Result "1/2-1/2"]
[WhiteElo "1880"]
[BlackElo "2127"]
[Annotator "ChessOrg"]
[PlyCount "107"]
[EventDate "2002.??.??"]

1. e4 c5 2. Nc3 Nc6 3. f4 g6 4. g3 Bg7 5. Bg2 e6 6. Nf3 Nge7 7. O-O O-O 8. d3
Nd4 9. Ne2 Rb8 10. a4 d5 11. g4 f5 12. gxf5 Nxf3+ 13. Bxf3 exf5 14. exd5 Nxd5
15. Ng3 b6 16. c3 Bb7 17. Bd2 Nf6 18. Qc2 Re8 19. Rad1 Bxf3 20. Rxf3 Qd5 21.
Rdf1 Rb7 22. Bc1 Rbe7 23. R3f2 Rd7 24. Rf3 Ng4 25. h3 Nf6 26. Bd2 a6 27. c4 Qd6
28. Bc3 Rde7 29. R1f2 Nd7 30. Bxg7 Kxg7 31. Rg2 Kf7 32. Ne2 Re3 33. Rgf2 Qe7
34. Ng3 Nb8 35. Rxe3 Qxe3 36. Kg2 Rd8 37. Rf3 Qe6 38. Qb3 h5 39. Qc2 Nc6 40.
Qe2 Qxe2+ 41. Nxe2 Nb4 42. Nc1 Nc2 43. Kf2 b5 44. axb5 axb5 45. cxb5 Rb8 46. d4
Nxd4 47. Rc3 Rxb5 48. Nd3 Ne6 49. b3 Kf6 50. h4 Ra5 51. Kf3 Ra3 52. Nxc5 Nxc5
53. Rxc5 Rxb3+ 54. Kg2 1/2-1/2

[Event "Bad Woerishofen"]
[Site "?"]
[Date "2002.??.??"]
[Round "8"]
[White "Weber, Ludwig"]
[Black "Gaussmann, Manfred"]
[Result "1-0"]
[WhiteElo "1620"]
[BlackElo "1349"]
[Annotator "ChessOrg"]
[PlyCount "151"]
[EventDate "2002.??.??"]

1. e4 c5 2. d3 e6 3. Qe2 Be7 4. Nd2 d5 5. e5 Bd7 6. f4 Nh6 7. Ngf3 Nc6 8. g3
Nf5 9. Bg2 Nfd4 10. Qd1 h6 11. c3 Nf5 12. Nf1 g5 13. Bh3 d4 14. Bxf5 exf5 15.
cxd4 cxd4 16. Qe2 Be6 17. a3 Qd5 18. Rg1 O-O-O 19. fxg5 hxg5 20. Bxg5 Bxg5 21.
Nxg5 Qxe5 22. Nxe6 fxe6 23. Rg2 Qxe2+ 24. Rxe2 e5 25. Rc1 Kd7 26. Nd2 Rde8 27.
b4 a6 28. Nb3 b6 29. Kf1 e4 30. Rce1 e3 31. Rg2 Ref8 32. Kg1 Rh7 33. Rf1 Ke6
34. Rf4 Ke5 35. Rc2 Rf6 36. Kg2 Rfh6 37. h4 Rg6 38. Kf3 Rd6 39. Nc1 Kd5 40. Kg2
Rg7 41. Ne2 Ne5 42. Rxd4+ Ke6 43. Nf4+ Kf7 44. Re2 Rh6 45. Rxe3 Ng6 46. Rd7+
Kg8 47. Rxg7+ Kxg7 48. Ne6+ Kf6 49. Nc7 Nf8 50. Nxa6 Ne6 51. Re1 f4 52. Rc1 Rg6
53. Rc6 Rxg3+ 54. Kf2 Kf5 55. Rxb6 Rxd3 56. a4 Nd4 57. Nc5 Rd2+ 58. Ke1 Nf3+
59. Kf1 Nh2+ 60. Kg1 Nf3+ 61. Kf1 Nh2+ 62. Kg1 Nf3+ 63. Kf1 Nh2+ 64. Ke1 Nf3+
65. Kf1 Nh2+ 66. Ke1 Rg2 67. Rb8 f3 68. Rf8+ Ke5 69. b5 Re2+ 70. Kd1 Rb2 71.
Nd3+ Ke4 72. Nxb2 Ke3 73. Rxf3+ Nxf3 74. h5 Kf4 75. h6 Ng5 76. b6 1-0

[Event "Bad Woerishofen"]
[Site "?"]
[Date "2002.??.??"]
[Round "8"]
[White "Khurtsidze, Nino"]
[Black "Seifert, Volker"]
[Result "1-0"]
[WhiteElo "2434"]
[BlackElo "2261"]
[Annotator "ChessOrg"]
[PlyCount "81"]
[EventDate "2002.??.??"]

1. d4 Nf6 2. c4 e6 3. Nf3 b6 4. g3 Bb7 5. Bg2 Be7 6. O-O O-O 7. b3 d5 8. cxd5
exd5 9. Ba3 Nbd7 10. Bxe7 Qxe7 11. Nc3 Ne4 12. Rc1 a6 13. e3 Rfd8 14. Qc2 Rac8
15. Qb2 c5 16. dxc5 Ndxc5 17. Rfd1 Qf6 18. Nd4 h5 19. Qe2 h4 20. Bh3 Rb8 21. b4
Nd7 22. Bxd7 Rxd7 23. Nxe4 dxe4 24. Qg4 Rbd8 25. Qxh4 Qxh4 26. gxh4 Rd6 27. Rc7
Bc8 28. h3 Rh6 29. Rdc1 Bxh3 30. R1c6 Rxh4 31. Rxb6 Bg4 32. Kg2 Bd1 33. Rxa6 g5
34. Rc5 Rg4+ 35. Kf1 Bf3 36. Rf5 Rc8 37. Rc5 Rf8 38. Rca5 f6 39. Rf5 Kg7 40.
Ne6+ Kf7 41. Nxf8 1-0

[Event "Bad Woerishofen"]
[Site "?"]
[Date "2002.??.??"]
[Round "8"]
[White "Kroencke, Manfred"]
[Black "Fischer, Michael"]
[Result "1/2-1/2"]
[WhiteElo "2197"]
[BlackElo "2079"]
[Annotator "ChessOrg"]
[PlyCount "45"]
[EventDate "2002.??.??"]

1. e4 d5 2. exd5 Nf6 3. b3 Nxd5 4. Bb2 Bf5 5. Nc3 e6 6. Nxd5 Qxd5 7. Nf3 Nc6 8.
Be2 O-O-O 9. O-O Be7 10. d4 Bf6 11. c3 h5 12. Re1 g5 13. Bc4 Qd6 14. a4 g4 15.
Ba3 Qd7 16. Nd2 e5 17. d5 Ne7 18. Nf1 e4 19. Rc1 Nxd5 20. Bxd5 Qxd5 21. Qxd5
Rxd5 22. Ne3 Re5 23. c4 1/2-1/2

[Event "Bad Woerishofen"]
[Site "?"]
[Date "2002.??.??"]
[Round "8"]
[White "Schmidt, Andreas"]
[Black "Becker, Thomas"]
[Result "1-0"]
[WhiteElo "1933"]
[BlackElo "2188"]
[Annotator "ChessOrg"]
[PlyCount "77"]
[EventDate "2002.??.??"]

1. e4 c5 2. c3 e6 3. d4 d5 4. exd5 exd5 5. Be3 c4 6. b3 cxb3 7. axb3 Nf6 8. Bd3
Be7 9. h3 O-O 10. Qf3 Nc6 11. Ne2 Re8 12. O-O g6 13. Nd2 Nh5 14. c4 Nb4 15. Bb1
Bf6 16. g4 Ng7 17. cxd5 Nxd5 18. Be4 Be6 19. Nc4 Bh4 20. Nf4 Nxf4 21. Qxf4 Bd5
22. Bxd5 Qxd5 23. Ra5 Qe4 24. Qxe4 Rxe4 25. d5 a6 26. Rd1 Bd8 27. Rc5 f6 28.
Kg2 Re7 29. g5 Ne8 30. d6 Re6 31. d7 Nc7 32. Bf4 Rc6 33. Rxc6 bxc6 34. Nb6 Rb8
35. Bxc7 Bxc7 36. Nc8 Bd8 37. Re1 Ba5 38. Re8+ Kf7 39. d8=Q 1-0

[Event "Bad Woerishofen"]
[Site "?"]
[Date "2002.??.??"]
[Round "8"]
[White "Szenetra, Werner"]
[Black "Koller, Hubert"]
[Result "1/2-1/2"]
[WhiteElo "2202"]
[BlackElo "2112"]
[Annotator "ChessOrg"]
[PlyCount "122"]
[EventDate "2002.??.??"]

1. Nf3 Nf6 2. d3 d5 3. g3 Nbd7 4. Bg2 e5 5. O-O g6 6. Qe1 Bg7 7. e4 dxe4 8.
dxe4 O-O 9. Nc3 c6 10. Qe2 Qc7 11. b3 Re8 12. a4 a5 13. Rd1 Bf8 14. Ba3 Bxa3
15. Rxa3 Kg7 16. Raa1 Nf8 17. Qc4 Qe7 18. Qd3 Bg4 19. Qd6 Qxd6 20. Rxd6 Bxf3
21. Bxf3 Ne6 22. Rd2 Nd4 23. Bg2 Rad8 24. Rad1 Ng4 25. h3 Nh6 26. f4 f6 27. Kf2
Nf7 28. Ne2 Nxc2 29. Rd7 Rxd7 30. Rxd7 Rb8 31. h4 b5 32. Bh3 Re8 33. Rd2 Nb4
34. Bd7 Rd8 35. axb5 cxb5 36. Ke3 Na6 37. Bxb5 Rxd2 38. Kxd2 Nc5 39. Ba4 Nxe4+
40. Kd3 Nfd6 41. fxe5 fxe5 42. Bc6 Nf6 43. Kc3 h6 44. b4 axb4+ 45. Kxb4 g5 46.
hxg5 hxg5 47. Kc3 Kg6 48. Kd2 Kf5 49. Ke3 Ng4+ 50. Kf3 Nf6 51. g4+ Ke6 52. Nc3
Nf7 53. Nd1 Nd8 54. Ba8 Kd6 55. Nf2 Ne6 56. Ke3 Nf4 57. Bb7 Kc5 58. Ne4+ Nxe4
59. Kxe4 Kd6 60. Kf5 Nh3 61. Bg2 Nf2 1/2-1/2

[Event "Bad Woerishofen"]
[Site "?"]
[Date "2002.??.??"]
[Round "8"]
[White "Stuemer, Paul"]
[Black "Gawehns, Klaus"]
[Result "1/2-1/2"]
[WhiteElo "2143"]
[BlackElo "2385"]
[Annotator "ChessOrg"]
[PlyCount "67"]
[EventDate "2002.??.??"]

1. c4 b6 2. Nc3 Bb7 3. e4 e6 4. Nge2 Nf6 5. d3 c5 6. g3 Be7 7. Bg2 O-O 8. O-O
Nc6 9. f4 d6 10. h3 a6 11. g4 Rb8 12. Ng3 b5 13. g5 Nd7 14. h4 bxc4 15. dxc4
Nd4 16. f5 Ne5 17. b3 Re8 18. Nh5 exf5 19. exf5 Bxg2 20. Kxg2 f6 21. Nd5 Rb7
22. Be3 fxg5 23. f6 Bxf6 24. Rxf6 gxf6 25. Nhxf6+ Kh8 26. Qh5 Ng6 27. hxg5 Rxe3
28. Qxg6 Re2+ 29. Kg3 Qc8 30. Rh1 Nf5+ 31. Kf3 Nd4+ 32. Kg3 Nf5+ 33. Kf3 Nd4+
34. Kg3 1/2-1/2

[Event "Bad Woerishofen"]
[Site "?"]
[Date "2002.??.??"]
[Round "8"]
[White "Buchner, Rudolf"]
[Black "Baeuml, Ulrich"]
[Result "1/2-1/2"]
[WhiteElo "2296"]
[BlackElo "2098"]
[Annotator "ChessOrg"]
[PlyCount "84"]
[EventDate "2002.??.??"]

1. e4 e6 2. d4 d5 3. Nd2 Nf6 4. e5 Nfd7 5. Bd3 c5 6. c3 Nc6 7. Ne2 Qb6 8. Nf3
cxd4 9. cxd4 f6 10. exf6 Nxf6 11. O-O Bd6 12. Bf4 Bxf4 13. Nxf4 O-O 14. Qd2 Bd7
15. Rfe1 Rae8 16. Rac1 Qb4 17. Rc3 Nxd4 18. Nxd4 e5 19. Nxd5 Nxd5 20. Nc2 Qf4
21. Qxf4 exf4 22. Bc4 Rxe1+ 23. Nxe1 Be6 24. Nd3 Re8 25. Ra3 a6 26. h4 Nc7 27.
Rc3 Nd5 28. Bxd5 Bxd5 29. a3 f3 30. gxf3 Bxf3 31. Kh2 Bc6 32. Kg3 Re2 33. b4
Kf7 34. Nc5 Bd5 35. Rd3 Bc6 36. Rd6 Ra2 37. Rd3 Ra1 38. Kf4 Ke7 39. Re3+ Kf6
40. Ne6 Rh1 41. Kg3 Rg1+ 42. Kf4 Rh1 1/2-1/2

[Event "Bad Woerishofen"]
[Site "?"]
[Date "2002.??.??"]
[Round "8"]
[White "Zach, Andreas"]
[Black "Dreesen, Jan"]
[Result "1-0"]
[WhiteElo "2277"]
[BlackElo "2137"]
[Annotator "ChessOrg"]
[PlyCount "57"]
[EventDate "2002.??.??"]

1. d3 d5 2. h3 e5 3. g4 h5 4. g5 Nc6 5. Nc3 Be6 6. e4 d4 7. Nce2 Bb4+ 8. c3
dxc3 9. bxc3 Bc5 10. f4 f5 11. fxe5 Nxe5 12. Nf4 Bf7 13. h4 Ng4 14. d4 Kf8 15.
exf5 Ne7 16. Ne6+ Bxe6 17. fxe6 Qd5 18. Qf3+ Qxf3 19. Nxf3 Bd6 20. Bd3 Nd5 21.
O-O Ke7 22. c4 Nf4 23. Bxf4 Bxf4 24. Rae1 Be3+ 25. Kg2 Kxe6 26. Nh2 Kd6 27.
Nxg4 Bxd4 28. Rf5 Bc3 29. Rd5+ 1-0

[Event "Bad Woerishofen"]
[Site "?"]
[Date "2002.??.??"]
[Round "8"]
[White "von Saldern, Ruediger"]
[Black "Bjarnason, Oskar"]
[Result "0-1"]
[WhiteElo "2127"]
[BlackElo "2198"]
[Annotator "ChessOrg"]
[PlyCount "108"]
[EventDate "2002.??.??"]

1. d4 Nf6 2. Nf3 e6 3. c4 c6 4. Nc3 d5 5. Bg5 h6 6. Bxf6 Qxf6 7. e4 dxe4 8.
Nxe4 Bb4+ 9. Nc3 c5 10. Rc1 cxd4 11. Qxd4 Qxd4 12. Nxd4 Nc6 13. Nxc6 bxc6 14.
a3 Be7 15. f4 Rb8 16. b4 a5 17. bxa5 Bxa3 18. Rc2 Bb4 19. Kf2 Bxa5 20. Be2 Ke7
21. Ra1 Bb6+ 22. Kf1 Bd7 23. Bf3 Bd4 24. Ra6 Ra8 25. Rxc6 Bxc6 26. Bxc6 Rac8
27. Bb5 Bxc3 28. Rxc3 Rc5 29. Ke2 Ra8 30. Kf3 g5 31. g3 Ra2 32. h4 gxh4 33.
gxh4 Kf6 34. Ke3 Rh2 35. Kd4 Rf5 36. Rf3 Rxh4 37. Ke3 e5 38. fxe5+ Kxe5 39. Rg3
Rg5 40. Rf3 Rf5 41. Rg3 Re4+ 42. Kd3 h5 43. Kc3 h4 44. Rh3 Rg5 45. Kb4 Kd4 46.
Bc6 Rf4 47. Bd5 Rxd5 48. cxd5 Kxd5+ 49. Kc3 f5 50. Kd3 Re4 51. Rh1 Ke5 52. Rf1
f4 53. Ra1 Re3+ 54. Kd2 Ke4 0-1

[Event "Bad Woerishofen"]
[Site "?"]
[Date "2002.??.??"]
[Round "8"]
[White "Moehring, Norbert"]
[Black "Herb, Stefan"]
[Result "1-0"]
[WhiteElo "1818"]
[BlackElo "2153"]
[Annotator "ChessOrg"]
[PlyCount "93"]
[EventDate "2002.??.??"]

1. b4 e5 2. a3 d5 3. Bb2 Bd6 4. e3 Nf6 5. c4 c6 6. cxd5 cxd5 7. Nc3 Nc6 8. Nf3
O-O 9. h3 Re8 10. Bb5 a5 11. O-O axb4 12. axb4 Rxa1 13. Qxa1 Qe7 14. Na4 Nd7
15. Rc1 f6 16. Nh4 Ndb8 17. Nc5 Rd8 18. Ba3 f5 19. Nf3 e4 20. Nd4 Nxd4 21. exd4
f4 22. Qa2 Qg5 23. Nxe4 Qg6 24. Rxc8 Rxc8 25. Qxd5+ Kf8 26. Qxd6+ Qxd6 27. Nxd6
Rc2 28. d3 Ke7 29. Nc4 Ke6 30. Bb2 Nc6 31. d5+ Kxd5 32. g3 g5 33. gxf4 gxf4 34.
Bxc6+ Kxc6 35. Kg2 b5 36. Na5+ Kd5 37. Bg7 Rd2 38. d4 Rb2 39. Bf8 Ke4 40. Nc6
f3+ 41. Kg3 Rc2 42. Bc5 Rc1 43. Ne7 Rg1+ 44. Kh4 Kd3 45. d5 Ke2 46. d6 Re1 47.
Nf5 1-0

[Event "Bad Woerishofen"]
[Site "?"]
[Date "2002.??.??"]
[Round "8"]
[White "Himmel, Hansjoerg"]
[Black "Kunin, Vitaly"]
[Result "0-1"]
[WhiteElo "2238"]
[BlackElo "2424"]
[Annotator "ChessOrg"]
[PlyCount "150"]
[EventDate "2002.??.??"]

1. e4 c5 2. Nf3 Nf6 3. e5 Nd5 4. Nc3 Nxc3 5. dxc3 Nc6 6. Bf4 Qc7 7. Qd2 e6 8.
O-O-O h6 9. Qe3 Ne7 10. h4 b6 11. Bd3 Bb7 12. Be4 O-O-O 13. Bxb7+ Qxb7 14. c4
Qa6 15. Kb1 Qxc4 16. Nd2 Qa6 17. Ne4 Nd5 18. Qf3 Be7 19. Rxd5 exd5 20. Nc3 Qb7
21. Nxd5 Rde8 22. Bg3 Bd8 23. Rd1 Rhf8 24. Qg4 g6 25. Bf4 h5 26. Qg3 Re6 27.
Bg5 Rfe8 28. Bxd8 Rxd8 29. Qg5 Rde8 30. f4 Qa6 31. Qg3 Qe2 32. Re1 Qd2 33. Nc3
Rf6 34. Ne4 Qxf4 35. Qd3 Qxe5 36. Nd6+ Qxd6 37. Rxe8+ Kc7 38. Qe2 Re6 39. Rxe6
fxe6 40. a4 Qd4 41. b3 Qxh4 42. Qe5+ Kc8 43. Qh8+ Qd8 44. Qe5 Qc7 45. Qg5 Qc6
46. Qxg6 Qd5 47. Qg3 Qd1+ 48. Kb2 Qg4 49. Qh2 h4 50. Qh1 Qd4+ 51. Kb1 Qf2 52.
Qh3 Qg3 53. Qh1 a5 54. Qf1 Kb7 55. Qe2 Qf4 56. Qd3 Qd4 57. Qf3+ Ka7 58. Qf1 e5
59. Qf6 Kb7 60. Qe7 Kc7 61. Qg5 c4 62. bxc4 Kd6 63. Qd8 Kc5 64. Qf8+ Kxc4 65.
Qf1+ Kc5 66. Qf8+ Kc6 67. Qc8+ Kd6 68. Qb8+ Ke7 69. Kc1 Qd6 70. Qh8 Qa3+ 71.
Kd1 Qg3 72. Qh7+ Kd6 73. Qh6+ Kc7 74. Qh8 e4 75. Qd4 Qd6 0-1

[Event "Bad Woerishofen"]
[Site "?"]
[Date "2002.??.??"]
[Round "8"]
[White "Wittfoth, Kai-Uwe"]
[Black "Johansen, Paul"]
[Result "1-0"]
[WhiteElo "2166"]
[BlackElo "2230"]
[Annotator "ChessOrg"]
[PlyCount "69"]
[EventDate "2002.??.??"]

1. d4 Nf6 2. Bg5 Ne4 3. Bf4 c5 4. f3 Qa5+ 5. c3 Nf6 6. dxc5 Qxc5 7. e4 Nc6 8.
Qd2 d6 9. Ne2 Ne5 10. Na3 Bd7 11. Be3 Qc7 12. Nf4 a6 13. Nd5 Nxd5 14. exd5 b5
15. Be2 e6 16. f4 Nc4 17. Nxc4 bxc4 18. Bf3 Rc8 19. dxe6 Bxe6 20. Bd4 d5 21.
Qe3 Kd7 22. O-O-O Bd6 23. g3 Qa5 24. a3 Rb8 25. Be5 Bxe5 26. Qxe5 f6 27. Qd4
Qb5 28. Rd2 Kd6 29. Re1 Rhd8 30. f5 Bf7 31. Qf4+ Kc6 32. Re7 Rb7 33. Qe3 Rdd7
34. Rxf7 Rxf7 35. Qe6+ 1-0

[Event "Bad Woerishofen"]
[Site "?"]
[Date "2002.??.??"]
[Round "8"]
[White "Skembris, Spyridon"]
[Black "Olarasu, Gabriela"]
[Result "1/2-1/2"]
[WhiteElo "2464"]
[BlackElo "2293"]
[Annotator "ChessOrg"]
[PlyCount "148"]
[EventDate "2002.??.??"]

1. d4 d5 2. c4 c6 3. Nf3 Nf6 4. Qc2 g6 5. Bf4 Bg7 6. e3 O-O 7. Nc3 a6 8. a4
Nbd7 9. cxd5 cxd5 10. a5 Nb8 11. h3 Nc6 12. Qa4 Bd7 13. Qa3 Re8 14. Be2 Bf8 15.
Ne5 e6 16. Qa2 Nxe5 17. Bxe5 Ne4 18. O-O Nxc3 19. bxc3 Bc6 20. Rab1 f6 21. Bg3
Qd7 22. c4 Kh8 23. Rb6 Bg7 24. Rfb1 Rac8 25. Bf3 Rcd8 26. Qb3 Re7 27. Qb4 Rf7
28. Rc1 Bf8 29. Qc3 Rc8 30. cxd5 exd5 31. Bf4 f5 32. Be5+ Bg7 33. Be2 Qe8 34.
Qb2 Bxe5 35. dxe5 Qe6 36. Qd4 Re7 37. f4 Rec7 38. Rc5 Kg7 39. Kh2 g5 40. Bf3
Rd8 41. e4 fxe4 42. Bg4 Qf7 43. f5 h5 44. Qe3 Kh6 45. h4 Qe7 46. Rxb7 Bxb7 47.
Rxc7 Qxe5+ 48. Kh1 Qxc7 49. Qxg5+ Kh7 50. Bxh5 Rc8 51. Qg6+ Kh8 52. f6 Qc1+ 53.
Bd1 Qxd1+ 54. Kh2 Rc7 55. Qe8+ Kh7 56. f7 Qg4 57. f8=Q Qxh4+ 58. Kg1 Rc1+ 59.
Qf1 Rxf1+ 60. Kxf1 Qf6+ 61. Kg1 Kg7 62. Qd7+ Qf7 63. Qd6 Kh7 64. Qh2+ Kg6 65.
Qe5 Bc8 66. Qg3+ Kh5 67. Qh2+ Kg5 68. Qg3+ Bg4 69. Qe5+ Bf5 70. Qg3+ Kf6 71.
Qc3+ Kg6 72. Qg3+ Kh7 73. Qh2+ Kg7 74. Qe5+ Kg8 1/2-1/2

[Event "Bad Woerishofen"]
[Site "?"]
[Date "2002.??.??"]
[Round "8"]
[White "Pitl, Gregory"]
[Black "Heika, Martin"]
[Result "1/2-1/2"]
[WhiteElo "2238"]
[BlackElo "2339"]
[Annotator "ChessOrg"]
[PlyCount "129"]
[EventDate "2002.??.??"]

1. e4 d5 2. exd5 Qxd5 3. Nc3 Qa5 4. d4 c6 5. Bc4 Bf5 6. Bd2 e6 7. Qe2 Nf6 8. d5
cxd5 9. Nxd5 Qd8 10. Nxf6+ Qxf6 11. O-O-O Nc6 12. g4 Bg6 13. h4 Bd6 14. Bc3
Qf4+ 15. Kb1 O-O-O 16. Nh3 Qe4 17. h5 Qxe2 18. Bxe2 Be4 19. f3 Bd5 20. Bxg7
Rhg8 21. Bf6 Be7 22. Bxe7 Nxe7 23. c4 Bc6 24. Rxd8+ Kxd8 25. Rd1+ Kc7 26. b3 h6
27. Kb2 e5 28. Kc3 Bd7 29. Nf2 f5 30. gxf5 Nxf5 31. Ng4 Nd4 32. Re1 Bxg4 33.
fxg4 Kd6 34. Bd1 Rf8 35. a4 a5 36. Rh1 Ne6 37. Kd3 Ng5 38. Ke3 e4 39. Be2 b6
40. Rd1+ Kc6 41. Rd5 Rf6 42. Rb5 Ne6 43. Kxe4 Nc5+ 44. Ke3 Re6+ 45. Kf2 Kc7 46.
Bf3 Kd8 47. Kg3 Ke7 48. b4 axb4 49. a5 bxa5 50. Rxc5 a4 51. Rb5 b3 52. Rb4 Re1
53. Rxa4 b2 54. Be4 Rxe4 55. Rb4 Rxc4 56. Rxb2 Kf6 57. Rb6+ Kg7 58. Rg6+ Kh7
59. Re6 Kg7 60. Re7+ Kg8 61. Kf3 Kf8 62. Re4 Rxe4 63. Kxe4 Ke8 64. Kd4 Kf7 65.
Ke5 1/2-1/2

[Event "Bad Woerishofen"]
[Site "?"]
[Date "2002.??.??"]
[Round "8"]
[White "Scherer, Helmut"]
[Black "Pirrot, Dieter"]
[Result "0-1"]
[WhiteElo "2275"]
[BlackElo "2436"]
[Annotator "ChessOrg"]
[PlyCount "128"]
[EventDate "2002.??.??"]

1. e4 e5 2. Nf3 Nc6 3. Bb5 f5 4. Nc3 fxe4 5. Nxe4 d5 6. Nxe5 dxe4 7. Nxc6 Qd5
8. c4 Qd6 9. Qh5+ g6 10. Qe5+ Qxe5 11. Nxe5+ c6 12. Ba4 Bg7 13. d4 exd3 14. Bf4
Nf6 15. Nxd3 Bf5 16. O-O-O O-O-O 17. Bc2 Rd4 18. Be5 Rxc4 19. f3 Re8 20. Rhe1
Bh6+ 21. Kb1 Rxc2 22. Kxc2 Nd5 23. Bd4 Rxe1 24. Rxe1 Nb4+ 25. Kc3 Nxd3 26. Re7
Nf4 27. Rxh7 Ne2+ 28. Kc4 b5+ 29. Kc5 Bf8+ 30. Kxc6 Nxd4+ 31. Kd5 Ne6 32. g4
Nc7+ 33. Kc6 Ne6 34. gxf5 gxf5 35. Rxa7 Kd8 36. Kxb5 Nd4+ 37. Kc4 Nxf3 38. Kd5
Bh6 39. Rh7 Bc1 40. b4 f4 41. b5 Be3 42. Rh8+ Ke7 43. Ke4 Ng5+ 44. Kd3 Nf7 45.
Rh5 Ke6 46. a4 Ne5+ 47. Ke4 Nc4 48. Rh6+ Kd7 49. Rc6 Nd2+ 50. Kd3 Nb3 51. Rc4
Kd6 52. h4 Kd5 53. Rc8 Nc5+ 54. Ke2 Nxa4 55. h5 Ke4 56. Re8+ Kf5 57. Kf3 Kg5
58. Re5+ Kh6 59. Kg4 Nb6 60. Re6+ Kh7 61. Rc6 Nd5 62. Rd6 Nb6 63. Rc6 Nd5 64.
Re6 Nb6 0-1

[Event "Bad Woerishofen"]
[Site "?"]
[Date "2002.??.??"]
[Round "8"]
[White "Semmler, Guenter"]
[Black "Grimm, Sven"]
[Result "1/2-1/2"]
[WhiteElo "2090"]
[BlackElo "2174"]
[Annotator "ChessOrg"]
[PlyCount "37"]
[EventDate "2002.??.??"]

1. Nf3 d5 2. d4 e6 3. g3 c6 4. Bg2 f5 5. O-O Nf6 6. c4 Bd6 7. Bf4 O-O 8. Nbd2
Ne4 9. Bxd6 Qxd6 10. Ne5 Nd7 11. f4 Ndf6 12. c5 Qc7 13. e3 Bd7 14. Rc1 Be8 15.
Bf3 g5 16. Be2 Qg7 17. Nxe4 dxe4 18. Bc4 Nd5 19. Bxd5 1/2-1/2

[Event "Bad Woerishofen"]
[Site "?"]
[Date "2002.??.??"]
[Round "8"]
[White "Einwiller, Dieter"]
[Black "Lamberger, Werner"]
[Result "1/2-1/2"]
[WhiteElo "2154"]
[BlackElo "2034"]
[Annotator "ChessOrg"]
[PlyCount "48"]
[EventDate "2002.??.??"]

1. e4 c5 2. d4 cxd4 3. c3 dxc3 4. Nxc3 Nc6 5. Bc4 d6 6. Nf3 a6 7. O-O Nf6 8. h3
e6 9. Qe2 Be7 10. Rd1 Qc7 11. a4 O-O 12. Bf4 Ne5 13. Ba2 Bd7 14. Rac1 Qa5 15.
Bb3 b5 16. Bxe5 dxe5 17. Nxe5 Be8 18. axb5 Bxb5 19. Nxb5 Qxb5 20. Qxb5 axb5 21.
Nc6 Rfe8 22. e5 Nh5 23. g3 Bg5 24. Rc5 Nxg3 1/2-1/2

[Event "Bad Woerishofen"]
[Site "?"]
[Date "2002.??.??"]
[Round "8"]
[White "Walther, Alexander"]
[Black "Fries, Elisabeth"]
[Result "1-0"]
[WhiteElo "1768"]
[BlackElo "1448"]
[Annotator "ChessOrg"]
[PlyCount "55"]
[EventDate "2002.??.??"]

1. d4 d5 2. Nf3 Nf6 3. Bg5 h6 4. Bh4 Bf5 5. e3 c6 6. Bd3 Bxd3 7. Qxd3 Nbd7 8.
Nbd2 e6 9. Bg3 Be7 10. h3 Nb6 11. O-O O-O 12. Ne5 Nbd7 13. f4 c5 14. c3 Rc8 15.
Kh1 c4 16. Qc2 Nxe5 17. fxe5 Nh5 18. Bh2 Bh4 19. Rf3 Qg5 20. g4 Ng3+ 21. Bxg3
Bxg3 22. Rxg3 f5 23. Nf3 Qxe3 24. Qd2 Qe4 25. Re1 Qxe1+ 26. Nxe1 fxg4 27. Rxg4
Rf1+ 28. Rg1 1-0